000 01016nam0a22002771 4500
001 rc\4165183
005 20250611114748.0
021 _aRU
_b[48-33722]
035 _a(NLR Aleph) 008179181
090 _a7904212
_c7904212
100 _a20130415d1948 |||y0rusy50 ca
101 0 _arus
102 _aRU
105 _aac z |||||
200 1 _aКолхоз "Трудовик"
_e[Неверкинский район
210 _aПенза]
_cИзд-во и тип. Пенз. обл. изд-ва
_d1948
215 _a95 с., 1 л. портр.
_cил.
_d19
225 1 _aБиблиотечка колхозника
300 _aПеред загл. авт.: П. Шабаев, Герой соц. труда пред. колхоза "Трудовик"
606 _aКолхозы
_yПензенская область
_2psbo
700 1 _aШабаев
_bП.В.
_gПавел Васильевич
801 0 _aRU
_bNLR
_gpsbo
801 1 _aRU
_bELAR
_2rusmarc
852 _aNLR
_jЭк50 Г-4/1161
942 _cBOOK
980 _aNB